Statistics for Word Scramble - Countries and Their Capitals

Click here to take the quiz!

General Stats

  • This quiz has been taken 29 times
  • The average score is 9 of 10

Answer Stats

CountryAnswerCapital% Correct
AaabilnAlbania / TiranaAainrt
100%
AaglnoAngola / LuandaAadlnu
100%
AbelrsuBelarus / MinskIkmns
100%
BegilmuBelgium / BrusselsBelrssssu
100%
BeeilzBelize / BelmopanAbelmnop
100%
CehilChile / SantiagoAaginost
100%
AaciortCroatia / ZagrebAbegrz
100%
CprsuyCyprus / NicosiaAciinos
100%
AeeirrtEritrea / AsmaraAaamrs
100%
AeinostEstonia / TallinnAillnnt
100%
AcefnrFrance / ParisAiprs
100%
AbgnoGabon / LibrevilleBeeiilllrv
100%
AegmnryGermany / BerlinBeilnr
100%
AaghnGhana / AccraAaccr
100%
CeeegrGreece / AthensAehnst
100%
AagnuyGuyana / GeorgetownEeggnoortw
100%
AcdeilnIceland / ReykjavikAeijkkrvy
100%
AdeiinnosIndonesia / JakartaAaajkrt
100%
AiqrIraq / BaghdadAabddgh
100%
AiltyItaly / RomeEmor
100%
KooosvKosovo / PristinaAiinprst
100%
AbelnnoLebanon / BeirutBeirtu
100%
AahiilntuLithuania / VilniusIilnsuv
100%
AaaacdgmrsMadagascar / AntananarivoAaaainnnortv
100%
CcmooorMorocco / RabatAabrt
100%
AbeimmoquzMozambique / MaputoAmoptu
100%
AelnpNepal / KathmanduAadhkmntu
100%
AegiinrNigeria / AbujaAabju
100%
AmnoOman / MuscatAcmstu
100%
AaiknpstPakistan / IslamabadAaabdilms
100%
EhiiippplnsPhilippines / ManilaAailmn
100%
AdlnopPoland / WarsawAarsww
100%
AaqrtQatar / DohaAdho
100%
AeeglnsSenegal / DakarAadkr
100%
AbeirsSerbia / BelgradeAbdeeglr
100%
AaiklosvSlovakia / BratislavaAaabilrstv
100%
AeilnosvSlovenia / LjubljanaAabjjllnu
100%
AinpsSpain / MadridAddimr
100%
AdnsuSudan / KhartoumAhkmortu
100%
EkrtuyTurkey / AnkaraAaaknr
100%
AltuuvTuvalu / FunafutiAffintuu
100%
AadgnuUganda / KampalaAaaklmp
100%
AeiknruUkraine / KyivIkvy
100%
AgruuuyUruguay / MontevideoDeeimnootv
100%
AbeiknstuzUzbekistan / TashkentAehknstt
100%
AeeelnvzVenezuela / CaracasAaaccrs
100%
AadhilntThailand / BangkokAbgkkno
91%
AeimntvVietnam / HanoiAhino
86%
AammnryMyanmar / NaypyidawAadinpwyy
83%
AabdeghlnsBangladesh / DhakaAadhk
80%
AabiimnNamibia / WindhoekDehiknow
75%
AdeehlnnrstNetherlands / AmsterdamAaedmmrst
73%
AabnostwBotswana / GaboroneAbegnoor
70%
AcdeoruEcuador / QuitoIoqtu
67%
AailtvLatvia / RigaAgir
67%
AdhnorsuHonduras / TegucigalpaAaceggilptu
63%
AeiinstwEswatini / MbabaneAabbemn
60%
EhloostLesotho / MaseruAemrsu
60%
EegmnnortMontenegro / PodgoricaAcdgioopr
50%
AiinstuTunisia / TunisInstu
0%

Score Distribution

Percentile by Number Answered

Percent of People with Each Score

Your Score History

You have not taken this quiz